OECD economic studies

Salvato in:
Dettagli Bibliografici
Natura: Libro
Lingua:inglese
Pubblicazione: Paris OECD 2001
Serie:Economics
Soggetti:
Tags: Aggiungi Tag
Nessun Tag, puoi essere il primo ad aggiungerne!!

MARC

LEADER 00000nam a2200000 4500
001 c131825
005 20221124105321.2
020 |a 92-64-19005-8 
022 |a 0255-0822 
041 0 |a eng 
044 |a FR 
245 1 0 |a OECD economic studies 
264 1 |a Paris  |b OECD  |c 2001 
300 |a 216 s. 
490 1 |a Economics 
830 0 |a Economics 
500 |a Titul je od No. 34/2002 spracovaný v BD Seriály 
610 2 0 |a politika hospodárska 
610 2 0 |a situácia hospodárska 
610 2 0 |a vývoj hospodársky 
610 2 0 |a porovnanie medzinárodné 
610 2 0 |a údaje štatistické 
610 2 0 |a svet 
610 2 0 |a OECD 
610 2 0 |a makroekonomika 
610 2 0 |a ekonometria 
610 2 0 |a regresia 
610 2 0 |a konvergencia 
610 2 0 |a akumulácia kapitálu 
610 2 0 |a modely rastu